000 01013nas a2200301 4500
001 BR2014001777
003 BR-BrBNA
005 20231205123815.0
007 ta
008 230509b bl.|||p| |||| 00| 00por d
040 _aBR-BrBNA
_bpor
_cBiblioteca Nacional de Agricultura
041 _a(Pt)
072 _aP36
100 1 _aBertol, O.J.
100 1 _aRizzi, N.E.
100 1 _aBertol, I.
100 1 _aRoloff, G.
245 1 _aPerdas de solo e água e qualidade do escoamento superficial associadas à erosão entre sulcos em área cultiva sob semeadura direta e submetida às adubações mineral e orgânica
650 _aCHUVA ARTIFICIAL
650 _aEROSÃO
650 _aSEMEADURA
650 _aPERDA
650 _aÁGUA
773 0 _tRevista Brasileira de Ciência do Solo (Brazil)
_xISSN 0100-0683
_g(Jul-Aug 2007), v. 31(4) p. 781-792
_wBR2014001777
856 4 0 _uhttp://www.scielo.br/pdf/rbcs/v31n4/a18v31n4.pdf
909 _a202311
_bLúcia
_c55
_dLúcia Elande
942 _2AGRIS
_n0
_cANA
999 _c235807
_d235807